Library Banner

Refugees and the politics of the everyday state in Pakistan : (Record no. 104274)

MARC details
000 -LEADER
fixed length control field 00737cam a2200217 i 4500
001 - CONTROL NUMBER
control field 19706195
005 - DATE AND TIME OF LATEST TRANSACTION
control field 20180411090735.0
008 - FIXED-LENGTH DATA ELEMENTS--GENERAL INFORMATION
fixed length control field 170613s2018 enk b 001 0 eng
020 ## - INTERNATIONAL STANDARD BOOK NUMBER
International Standard Book Number 9780415738668 (hbk)
040 ## - CATALOGING SOURCE
Transcribing agency PK-LaUMT
082 00 - DEWEY DECIMAL CLASSIFICATION NUMBER
Classification number 954.04
Item number IOB-R
100 1# - MAIN ENTRY--PERSONAL NAME
Personal name Iob, Elisabetta
245 10 - TITLE STATEMENT
Title Refugees and the politics of the everyday state in Pakistan :
Remainder of title resettlement in Punjab, 1947-1962 /
Statement of responsibility, etc Elisabetta Iob
260 ## - PUBLICATION, DISTRIBUTION, ETC. (IMPRINT)
Place of publication, distribution, etc London :
Name of publisher, distributor, etc Routledge,
Date of publication, distribution, etc 2018
300 ## - PHYSICAL DESCRIPTION
Extent xvii, 174 p. ;
Dimensions 25 cm
490 0# - SERIES STATEMENT
Series statement Royal Asiatic Society books
650 #0 - SUBJECT ADDED ENTRY--TOPICAL TERM
Topical term or geographic name as entry element East Indians
General subdivision Relocation
Geographic subdivision Pakistan
-- Punjab.
650 #0 - SUBJECT ADDED ENTRY--TOPICAL TERM
Topical term or geographic name as entry element Refugees
Geographic subdivision Pakistan
-- Punjab
General subdivision History
Chronological subdivision 20th century.
650 #0 - SUBJECT ADDED ENTRY--TOPICAL TERM
Topical term or geographic name as entry element Forced migration
Geographic subdivision Pakistan
-- Punjab.
942 ## - ADDED ENTRY ELEMENTS (KOHA)
Koha item type Books
Holdings
Withdrawn status Lost status Damaged status Home library Current library Date acquired Full call number Barcode Date last seen Price effective from Koha item type
      UMT Main Campus UMT Main Campus 2018-04-11 954.04 IOB-R 120576 2023-02-15 2018-04-11 Books